000 00827cam a2200301 4500500
005 20260405003029.0
041 _afre
042 _adc
100 1 0 _aLegros, Martin
_eauthor
245 0 0 _aEva Illouz / Raphaël Enthoven. L’amour peut-il finir ?
260 _c2020.
500 _a49
690 _aAffection
690 _aCapitalisme
690 _aCouple
690 _aEva Illouz
690 _aHomme/Femme
690 _aHommes-Femmes
690 _aMarche
690 _aPlaton
690 _aRaphaël Enthoven
690 _aRencontre
690 _aSentiment
690 _aSexualité
690 _aTinder
786 0 _nPhilosophie magazine | 137 | 3 | 2020-03-01 | p. 2-4 | 1951-1787
856 4 1 _uhttps://shs.cairn.info/magazine-philosophie-magazine-2020-3-page-2?lang=fr&redirect-ssocas=7080
999 _c2063711
_d2063711